000 00681nam a2200241 i 4500
001 C2-0116951
003 PPAK
005 20180727110203.0
008 970723s1992 enka|||| ||||| | eng d
020 _a0330324209
040 _aPPAK
_beng
_cPPAK
_erda
082 0 4 _a904.5
_223
090 0 0 _a904.5
_bHAD
_dG
100 1 _aHadfield, Peter,
_eauthor
245 1 0 _aSixy seconds that will change the world
264 1 _aLondon :
_bPan Books ,
_c1992
300 _axiv, 207 pages :
_billustrations ;
_c20 cm
336 _2rdacontent
_atext
337 _2rdamedia
_aunmediated
338 _2rdacarrier
_avolume
650 1 0 _aEarthquake precidtion - Tokyo - Japan
942 _ddc
_cB
999 _c31043
_d31043